LEADER 01155nam0 22003011i 450 001 VAN0039754 005 20221206095938.938 010 $a04-7111-709-9 100 $a20051215d1996 |0itac50 ba 101 $aeng 102 $aUS 105 $a|||| ||||| 200 1 $aApplied cryptography$eprotocols, algorithms and source code in C$fBruce Schneier 205 $a2. ed 210 $aNew York$aChichester$cWiley$d1996 215 $aXXIII, 758 p.$cill.$d25 cm 500 1$3VAN0250004$aApplied cryptography$9376141 620 $aUS$dNew York$3VANL000011 676 $a005.82$v21 700 1$aSchneier$bBruce$3VANV032934$060872 712 $aWiley$3VANV108092$4650 801 $aIT$bSOL$c20221209$gRICA 856 4 $u/sebina/repository/catalogazione/documenti/docE II 13500821420221205161027.pdf$zdocE II 13500821420221205161027.pdf 899 $aBIBLIOTECA DEL DIPARTIMENTO DI INGEGNERIA$1IT-CE0100$2VAN05 912 $aVAN0039754 950 $aBIBLIOTECA DEL DIPARTIMENTO DI INGEGNERIA$d05PREST E II 135 $e05 2766 20051215 996 $aApplied cryptography$9376141 997 $aUNISOB LEADER 03039nam 22006614a 450 001 9911020193003321 005 20200520144314.0 010 $a9786610549931 010 $a9780470893739 010 $a0470893737 010 $a9781119205081 010 $a1119205085 010 $a9781280549939 010 $a1280549939 010 $a9780470053713 010 $a0470053712 035 $a(CKB)1000000000354648 035 $a(EBL)270469 035 $a(OCoLC)141188281 035 $a(SSID)ssj0000108586 035 $a(PQKBManifestationID)11138231 035 $a(PQKBTitleCode)TC0000108586 035 $a(PQKBWorkID)10044549 035 $a(PQKB)10109843 035 $a(MiAaPQ)EBC270469 035 $a(FR-PaCSA)10236446 035 $a(FRCYB10236446)10236446 035 $a(Perlego)1006078 035 $a(EXLCZ)991000000000354648 100 $a20060310d2006 uy 0 101 0 $aeng 135 $aur|n|---||||| 181 $ctxt 182 $cc 183 $acr 200 10$aBalanced scorecard step-by-step $emaximizing performance and maintaining results /$fPaul R. Niven 205 $a2nd ed. 210 $aHoboken, N.J. $cWiley$dc2006 215 $a1 online resource (339 p.) 300 $aDescription based upon print version of record. 311 08$a9780471780496 311 08$a0471780499 320 $aIncludes bibliographical references and index. 327 $aPerformance measurement and the need for a balanced scorecard -- Getting started -- Mission, values, vision, and strategy -- Strategy maps -- Creating performance measures -- Setting targets and prioritizing initiatives -- Cascading the balanced scorecard to build organizational alignment -- Using the balanced scorecard to strategically allocate resources -- Additional balanced scorecard linkages: compensation and corporate governance -- Reporting balanced scorecard results -- Maintaining the balanced scorecard -- Concluding thoughts on balanced scorecard success. 330 $aPRAISE FOR Balanced Scorecard Step-By-Step: Maximizing Performance and Maintaining Results, Second Edition ""As a practitioner and thought leader, Paul Niven is superbly bridging the gulf between BSC theory and application through hands-on experiences and real-world case studies. The book provides a practical road map, step-by-step, to plan, execute, and sustain a winning scorecard campaign. Easy to read . . . tells a powerful story with lessons learned/best practices from global customer implementations. Must-read for anyone interested in BSC or grappling with how to create a 606 $aOrganizational effectiveness$xMeasurement 606 $aPerformance$xMeasurement 615 0$aOrganizational effectiveness$xMeasurement. 615 0$aPerformance$xMeasurement. 676 $a658.4/013 700 $aNiven$b Paul R$0473673 801 0$bMiAaPQ 801 1$bMiAaPQ 801 2$bMiAaPQ 906 $aBOOK 912 $a9911020193003321 996 $aBalanced scorecard step-by-step$9249091 997 $aUNINA